000 00367nam a2200133Ia 4500
008 220217s9999||||xx |||||||||||||| ||und||
020 _a81-265-0263-0
082 _a005.13 ALS
100 _aAlspach, Ted Murdock, Kelly
_93408
245 0 _aIllustrator 10 bible
260 _aIDG books india
_bNew Delhi
_c2002
300 _b429
650 _aPROGRAMMING LANGUAGE
999 _c171848
_d171848